[Event "XXXVI Torneo di Capodanno"]
[Site "Reggio nell'Emilia ITA"]
[Date "1993.12.31"]
[Round "5"]
[White "Sarno, Spartaco"]
[Black "Cvitan, Ognjen"]
[Result "0-1"]
[WhiteElo "2390"]
[BlackElo "2550"]
[PlyCount "132"]
[EventDate "1993.12.27"]

1. c4 g6 2. d4 Nf6 3. Nc3 Bg7 4. e4 d6 5. f3 O-O 6. Be3 e5 7. d5 c6 8. Bd3 cxd5
9. cxd5 Nh5 10. Nge2 f5 11. exf5 gxf5 12. O-O Nd7 13. Kh1 Ndf6 14. Rc1 Kh8 15.
Bc4 a6 16. Bb3 Rg8 17. Na4 Nd7 18. f4 b5 19. Nac3 Qh4 20. Rf3 Qg4 21. Qf1 exf4
22. Nxf4 Ne5 23. Rh3 Nxf4 24. Bxf4 Bd7 25. Re1 b4 26. Bd1 Qg6 27. Bh5 Qf6 28.
Nd1 Bb5 29. Be2 Qf7 30. Ne3 Rge8 31. Bxb5 axb5 32. Qxb5 Ng4 33. Rf1 Rxa2 34.
Qd3 Ra1 35. Rhf3 Rxf1+ 36. Rxf1 Nxe3 37. Bxe3 Bxb2 38. g4 Re5 39. Rxf5 Rxf5 40.
gxf5 Be5 41. Kg2 Qh5 42. h3 Qh4 43. Bf2 Qf4 44. Be1 Kg7 45. Bd2 Qh2+ 46. Kf1
Kf6 47. Qe3 Qh1+ 48. Ke2 Qg2+ 49. Kd1 Qf1+ 50. Kc2 Qc4+ 51. Kd1 Kxf5 52. Qg5+
Ke4 53. Qg4+ Kxd5 54. Bxb4 Qxg4+ 55. hxg4 Ke4 56. Ke2 d5 57. Bd2 Bf4 58. Be1
Be3 59. Bb4 d4 60. Ba5 d3+ 61. Kf1 Kf3 62. Bb4 Kxg4 63. Kg2 h5 64. Bc3 h4 65.
Bb4 h3+ 66. Kh1 Bf4 0-1

[Event "XXXVI Torneo di Capodanno"]
[Site "Reggio nell'Emilia ITA"]
[Date "1994.01.04"]
[Round "8"]
[White "Borgo, Giulio"]
[Black "Manca, Federico"]
[Result "0-1"]
[WhiteElo "2370"]
[BlackElo "2390"]
[PlyCount "78"]
[EventDate "1993.12.27"]

1. e4 d6 2. d4 Nf6 3. Nc3 g6 4. Nf3 Bg7 5. Be2 O-O 6. O-O Bg4 7. h3 Bxf3 8.
Bxf3 Nc6 9. Ne2 e5 10. c3 Qe8 11. Qd3 Kh8 12. Bd2 Ng8 13. d5 Nce7 14. c4 Bh6
15. Bc3 f5 16. g3 Nf6 17. Bg2 Qd7 18. exf5 gxf5 19. f4 e4 20. Qe3 c6 21. dxc6
bxc6 22. Rfd1 Bg7 23. Bf1 d5 24. c5 Rg8 25. Nd4 Nh5 26. Kh1 Bf6 27. Be1 Rg6 28.
Be2 Rh6 29. Kh2 Rg8 30. Bf2 Ng7 31. Rd2 Ne6 32. Qc3 Ng6 33. Be3 Qg7 34. Nxe6
Bxc3 35. Nxg7 Bxg7 36. g4 fxg4 37. Bxg4 Ne7 38. Rg1 Rf6 39. Rdg2 39 Bh6 $138
0-1

[Event "XXXVI Torneo di Capodanno"]
[Site "Reggio nell'Emilia ITA"]
[Date "1994.01.05"]
[Round "9"]
[White "Manca, Federico"]
[Black "Portisch, Lajos"]
[Result "1/2-1/2"]
[WhiteElo "2390"]
[BlackElo "2585"]
[PlyCount "95"]
[EventDate "1993.12.27"]

1. e4 c5 2. c3 e6 3. d4 d5 4. exd5 exd5 5. Nf3 Nc6 6. Bb5 Bd6 7. dxc5 Bxc5 8.
O-O Nge7 9. Nbd2 O-O 10. Nb3 Bd6 11. Bd3 h6 12. h3 Bc7 13. Re1 Re8 14. Bc2 Bf5
15. Be3 Qd6 16. Nbd4 Nxd4 17. Bxd4 Bxc2 18. Qxc2 Nc6 19. Qd3 a6 20. Rad1 Rad8
21. Rxe8+ Rxe8 22. Be3 Rd8 23. Qf5 Qe6 24. Qb1 Qf6 25. Rd3 Qg6 26. Qd1 Qe4 27.
Bd4 Qf4 28. Be3 Qc4 29. a3 Qe4 30. Bd4 Qf5 31. Be3 Na5 32. Nd4 Qe4 33. Ne2 Nc4
34. Bc1 Bb6 35. Nd4 Re8 36. Kf1 Qh4 37. b3 Nd6 38. Be3 Qf6 39. Nc2 Bxe3 40.
Nxe3 Ne4 41. Qc2 Qe5 42. Kg1 Rd8 43. Rd4 Nf6 44. Qd1 Rc8 45. Nxd5 Nxd5 46. Rxd5
Qxc3 47. Rd8+ Rxd8 48. Qxd8+ 1/2-1/2